1846 1064 1208 1332 1635 1763 1170 1720 1886 1314 1652 1478 1247 1098 1837 1111 1541 1838 1458 1484 1317 1220 1693 1454 1928 1534 1248 1577 1128 1857 1709 1647 1143 1999 1655 1695 1729 1459 1856 2000 1681 1361 1546 1425 1614 1640 1249 1571 1771 1995 1051 1396 1604 1201 1768 1241 1735 1379 1542 1956 1085 1478 1881 1728 1619 1075 1412 1451 1327 1475 1854 1545 1319 1870 1728 1016 1420 1148 1545 1953 1599 1835 1500 1026 1938 1924 1217 1381 1391 1398 1076 1933 1911 1799 1957 1619 1779 1567 1739 BCNSPRNW ULIB Ver.6.0+V

เปลี่ยนเป็นภาษาไทย

Change to English
 แสดงรายละเอียดบรรณานุกรม
  กลับหน้าหลัก

Brief Record : Get Marc (ISO 2709) : E-mail record : QR code < ปิดหน้าต่าง
LEADER : 00000nam 2200000uu 4500
001    13399129157
003     ULIB
008    020711s2549 th a 000 0 tha d
060    ^aWY18.2^bว587ส
100    ^aละเอียด แจ่มจันทร์ และสุนีย์ ขันธรักษ์วงศ์
245    สาระทบทวนการผดุงครรภ์ การพยาบาลมารดา และทารก
260     ^aกรุงเทพฯ ;^bม.ป.ท.,^c2549
650    ^aการพยาบาลมารดาทารก
710    ^aวิทยาลัยพยาบาลเครือข่ายภาคกลาง
945    ^p0^l0^i019335
999    ^aประนอม เกษจรัล
รายการนี้ยังไม่มีแท็ก
คุณยังไม่ได้ล็อกอิน คุณสามารถมีกิจกรรมร่วมกับเว็บไซต์ได้ แต่ต้องล็อกอินก่อน ::
  ล็อกอิน

รายการสื่อสารสนเทศ

ลำดับที่ ประเภท เลขเรียก/บาร์โค้ด สถานที่ สถานะ
1. Book การพยาบาล
Book การพยาบาล
WY18.2 ว587ส ฉ.1 
  Barcode: 019335
ห้องสมุดวิทยาเขตสวรรค์ประชารักษ์
►หนังสือทั่วไป
บนชั้น

รายการใกล้เคียง
    หัวเรื่อง [การพยาบาลมารดาทารก]

BibComment


ยังไม่เคยถูกคอมเมนท์

คอมเมนท์ทรัพยากรรายการนี้
  คอมเมนท์: สาระทบทวนการผดุงค..


 Copyright 2026. Bcnsprnw @Library